| 000 | 00537nam a22001337a 4500 | ||
|---|---|---|---|
| 999 |
_c371655 _d371655 |
||
| 008 | 220531b ||||| |||| 00| 0 eng d | ||
| 040 |
_aDE-2950 _cDE-2950 |
||
| 041 | _ager | ||
| 245 |
_aForschungsbericht der Europa-Universität Viadrina Frankfurt (Oder) 2006 - 2010 _bBestandsaufnahme - Entwicklungen - Perspektiven / _chrsg. vom Referat Forschung der EUV Frankfurt (Oder) |
||
| 260 |
_aFrankfurt (Oder) _bEuropa-Universität _c2011 |
||
| 300 |
_a197 S.: _bAbb, |
||
| 653 | _aEuropa-Universität Viadrina Frankfurt (Oder) | ||
| 942 |
_2z _cB |
||